| 000 | 00446nam a22001577a 4500 | ||
|---|---|---|---|
| 020 | _a9789348132253 | ||
| 082 |
_aM 954.83 _bMUJ/K |
||
| 245 |
_aKeralacharithram samuham samskaram: _bputhupadanangal/ _cby Mujeebu Rahman and Nisar M. (ed.) |
||
| 260 |
_aKozhikode: _bPavanatma Publishers, _c2025. |
||
| 300 | _a222p. | ||
| 650 | _aHistory Kerala | ||
| 650 | _aHistory | ||
| 700 | _aMujeebu M.P. (ed.) | ||
| 700 | _aNisar M. (ed.) | ||
| 942 | _cBK | ||
| 999 |
_c181931 _d181931 |
||